005590000a22001690004500020001500000060000800015082002000023100002000043245009300063260003700156260000900193300000800202650003500210942000700245999001900252952011800271 a0046350098 a100 a582.120 463 RUT aRutherford, Meg aPattern of herbs : herbs for goodness, food and health and how to identify and grow them aLondon, George Allen & Unwin Ltd c1975 a150 aHerbs - pattern/ herbs - index cBK c359056d359056 00104070aKAUCOAVbKAUCOAVd2014-05-02l0o582.120 463 RUTpKAU_COAV-16081r2014-05-02 00:00:00w2014-05-02yBK